Rare and Endangered Plants Naturalized Plants in Korea (Registro nro. 19538)

Detalles MARC
000 -CABECERA
Campo de control 00535nam a22001817a 4500
005 - FECHA Y HORA DE LA ULTIMA TRANSACCION
Campo de control 20180302164132.0
008 - ELEMENTOS DE LONGITUD FIJA—INFORMACION GENERAL
Campo de control 170605b kn o|||| |||| 00| 0 eng d
040 ## - FUENTE DE CATALOGACIÓN
Agencia catalogadora original CO-BoIAVH
Agencia transcriptora CO-BoIAVH
041 ## - IDIOMA
Código de idioma para texto/pista de sonido o título separado Koreano
044 ## - PAÍS DE PUBLICACIÓN
País de publicación Corea (Sur)
090 ## - CLASIFICACIÓN LOCAL
Colección FG-
Consecutivo 0182
110 2# - ASIENTO PRINCIPAL--NOMBRE CORPORATIVO
Nombre corporativo o de jurisdicción como elemento de entrada Korea National Arboretum
9 (RLIN) 90088
245 10 - MENCION DE TITULO
Título Rare and Endangered Plants Naturalized Plants in Korea
260 ## - PUBLICACION, DISTRIBUCION, ETC. (PIE DE IMPRENTA)
Lugar de publicación, distribución, etc. Corea:
Nombre del editor, distribuidor, etc. Korea National Arboretum,
Fecha de publicación, distribución, etc. .
300 ## - DESCRIPCION FISICA
Extensión plegable
Otros detalles físicos fotografías a color
Dimensiones 12 x 25 cm
650 1# - ASIENTO SECUNDARIO DE MATERIA - TERMINO TEMATICO
Término temático o nombre geográfico como elemento de entrada Plantas
Subdivisión geográfica Corea
9 (RLIN) 90089
942 ## - ELEMENTOS ADICIONALES (KOHA)
Sistema de clasificación Local
Tipo de ítem Folleto
Existencias
Withdrawn status Lost status Sistema de Clasificación Damaged status No para préstamo Colección Ubicación Permanente Ubicación actual Fecha de adquisición Total Checkouts Número topográfico Inventario / Código de Barras Date last seen Ejemplar Price effective from Forma de adquisición Tipo de material
    Local     Hemeroteca Bogotá Bogotá 05/06/2017   FG-0182 041346 05/06/2017 Ej. 1 05/06/2017 Donación Folleto